Quizduell Fragen – Mittel - Statistiken

Allgemein
  • Dieses Quiz wurde 516 mal gespielt
  • Das Durchschnittsergebnis liegt bei 9 aus 19
Antwortstatistiken
Kategorie Frage Antwort % Korrekt
Macht & Geld Wie viele Jahre war Helmut Kohl Bundeskanzler in Deutschland? 16 Jahre
84%
TV-Serien Wie viele Drachen besitzt Daenerys Targaryen aus „Game of Thrones“? 3
84%
Medien & Unterhaltung Wie viele Rillen hat eine handelsübliche Schallplatte 2
73%
Glaube & Religion Wie heißt eine Kopfbedeckung männlicher Juden? Kippa
70%
Computerspiele Wie wird das besonders schnelle Durchspielen von Videospielen genannt? Speedrun
67%
Die 2000er Wie schreibt man 2015 als römische Zahl? MMXV
62%
Sport & Freizeit Welche Nation gewann bei den Olympischen Spielen 2014 in Sotschi die meisten Goldmedaillen? Russland
60%
Körper & Geist Wie ist der Fachbegriff für das Downsyndrom? Trisomie 21
57%
Musik & Hits Aus welchem Land kommt die Band „Sunrise Avenue“? Finnland
55%
Draußen im Grünen Wie heißen Tropfsteine, die von der Decke wachsen? Stalaktiten
52%
Kinofilme Wovor hat Indiana Jones Angst? Schlangen
47%
Bücher & Wörter Welchen „tierischen“ Mitbewohner hat der Autor Marc-Uwe Kling? Känguru
46%
Rund um die Welt Wie heißt der „Ayers Rock“ in Australien in der Sprache der Aborigines? Uluru
44%
Zeugen der Zeit Wie alt wurde der bayerische König Ludwig II.? 40
41%
Im Labor Methan, Ethan, Propan und Butan gehören zur Stoffgruppe der ...? Alkane
23%
Kunst & Kultur Welcher Künstler ist für sein Suppendosenbild bekannt? Andy Warhol
22%
Wunder der Technik Was bedeutet Audi auf Deutsch? Horch!
21%
Comics In welchem Manga geht es um einen Halbdämon? Inu Yasha
10%
Essen & Trinken Wie wird die Sternfrucht auch genannt? Karambole
6%
Keine übereinstimmenden Quizze gefunden
Verteilung der Resultate
Anzahl Personen mit jedem Resultat
Perzentil nach korrekt beantworteten Fragen
Ihre Resultats-Entwicklung
Sie haben dieses Quiz noch nicht gespielt